Stanley Kubrick Trivia - Multiple Choice - Statistics

General Stats
  • This quiz has been taken 113 times
  • The average score is 11 of 15
Answer Stats
Question Answer % Correct
Who is the main character of "A Clockwork Orange"? Alex DeLarge
100%
What did Stanley Kubrick fake, according to conspiracy theories? the moon landing
100%
What causes the apes in "2001" to go mad? a black monolith
91%
Kubrick made the protagonist of this movie explicitly evil, to stress the point that freedom in any individual is important regardless of his moral quality. A Clockwork Orange
91%
What is the name of Kubrick's movie about the Vietnam War? Full Metal Jacket
91%
What was his profession prior to making movies? Photographer
91%
Kubrick spent many years trying to make film about an historical person, reading more than 100 books about him in the process. Who is he? Napoléon Bonaparte
82%
And in which category did Kubrick win his only Oscar? Visual Effects
82%
Which author did NOT write a book that was adapted by Kubrick? Aldous Huxley
73%
Which genre did the director never tackle? Western
73%
What is the historical backdrop of "Paths of Glory"? World War I
73%
Where does "Dream Novella", the inspiration for "Eyes Wide Shut", take place? Vienna
64%
What is the correct way to pronounce his last name (according to Wikipedia)? Koo-brick
55%
What is "Spartacus" said to have effectively ended? Blacklisting
36%
Who is the only actor to win an Oscar for a performance in a Stanley Kubrick movie? Peter Ustinov
36%
No matching quizzes found
Score Distribution
Percent of People with Each Score
Percentile by Number Answered
Your Score History
You have not taken this quiz